| 000 | 00000nam 2200000za 4500 |
| 001 | 9.636164 |
| 003 | CaOODSP |
| 005 | 20221107134319 |
| 007 | cr ||||||||||| |
| 008 | 150407s2009||||xxcao|||o f000 0 fre d |
| 020 | |a978-1-100-90918-9 |
| 040 | |aCaOODSP|bfre |
| 043 | |an-cn--- |
| 086 | 1 |aH114-18/2008F-PDF |
| 110 | 1 |aCanada.|bSanté Canada. |bAgence de réglementation de la lutte antiparasitaire. |
| 245 | 10|aRapport des réalisations au cours de la période de 2003 à 2008 |h[ressource électronique] / |cGroupe de travail technique de l'Accord de libre-échange nord-américain sur les pesticides. |
| 246 | 3 |aGroupe de travail technique de l’Accord de libre-échange nord-américain sur les pesticides - rapport des réalisations au cours de la période de 2003 à 2008 |
| 260 | |aOttawa : |bSanté Canada, |cc2009. |
| 300 | |a17 p. : |bill. |
| 500 | |aPublié aussi en anglais sous le titre : Accomplishments report for the period of 2003-2008. |
| 590 | |a12-37-Supp|b2012-09-24 |
| 691 | 07|aRisque pour la santé|2gcpds |
| 710 | 2 |aGroupe de travail technique de l'ALENA sur les pesticides. |
| 710 | 1 |aCanada. |bSanté Canada. |
| 775 | 08|tAccomplishments report for the period of 2003–2008 |w(CaOODSP)9.691869 |
| 856 | 40|ahttp://publications.gc.ca|qPDF|s177 Ko|uhttps://publications.gc.ca/collections/collection_2012/sc-hc/H114-18-2008-fra.pdf |